Statistics for Sabaton songs by lyrics

Click here to take the quiz!

General Stats

  • This quiz has been taken 697 times
  • The average score is 5 of 12

Answer Stats

LyricSong% Correct
They are the Panzer elite born to compete never retreatGhost Division
92%
But when captured by the Axis and forced to tell the truth we will tell it with a smile we will surprise them with a laughResist and Bite
61%
Once the battle's stared there's no turning backPanzerkampf
52%
That's the art of warThe art of war
51%
Thousands of feet march to the beat there's an army on the marchPrice of a Mile
46%
Then the winged hussars arrived coming down they turned the tideThe Winged Hussars
40%
How many dreams did fade away broken promises they wont be coming homeCliffs Of Gallipoli
35%
Far from their land as they make their standLost Battalion
35%
As the fire inside if ignited by bloodshedSwedish Pagans
33%
Sent to the prison where the heroes are judged as traitorsInmate 4859
31%
Canvas wings of death prepare to meet your fate night bomber regiment 588Night wiches
17%
Through hostile fire they will marchThe Carolean's Prayor
1%

Score Distribution

Percentile by Number Answered

Percent of People with Each Score

Your Score History

You have not taken this quiz